Autocracy & aristocracy, the Russian service elite of 1730 /

Bibliographic Details
Main Author: Meehan-Waters, Brenda, 1942-
Format: Book
Language:English
Published: New Brunswick, N.J. : Rutgers University Press, [1982]
Subjects:

MARC

Tag First Indicator Second Indicator Subfields
LEADER 00000pam a2200000 a 4500
001 in00000088737
005 20151008065229.0
008 810826s1982 nju b s00110 eng
010 |a  81013960  
020 |a 0813509386 :  |c $25.00 
035 |a (OCoLC)07773830 
035 |9 AAK5585AM 
039 0 |a 2  |b 3  |c 3  |d 3  |e 3 
040 |a DLC  |c DLC  |d TXA  |d UtOrBLW 
043 |a e-ur--- 
049 |a TXAM  |c 1 [1561340], 2 [A08635270] 
050 0 0 |a DK150  |b .M43 1982 
082 0 |a 947/.061  |2 19 
100 1 |a Meehan-Waters, Brenda,  |d 1942- 
245 1 0 |a Autocracy & aristocracy, the Russian service elite of 1730 /  |c by Brenda Meehan-Waters. 
264 1 |a New Brunswick, N.J. :  |b Rutgers University Press,  |c [1982] 
264 4 |c ©1982 
300 |a xii, 274 pages ;  |c 24 cm. 
336 |a text  |b txt  |2 rdacontent 
337 |a unmediated  |b n  |2 rdamedia 
338 |a volume  |b nc  |2 rdacarrier 
500 |a Includes index. 
504 |a Bibliography: pages 245-259. 
650 0 |a Elite (Social sciences)  |z Soviet Union  |x History. 
650 0 |a Civil service  |z Soviet Union  |x History. 
651 0 |a Russia  |x Politics and government  |y 1689-1801. 
999 |a MARS 
999 f f |s a61446e6-fa85-34da-bf66-8194ece2d436  |i 83bbe8a3-479a-3fee-b59f-75710715cf76  |t 0 
952 f f |p ric  |a Texas A&M University  |b Rellis Campus  |c Joint Library Facility  |s JLF  |d Remote Storage  |t 0  |e DK150 .M43 1982  |h Library of Congress classification  |i unmediated -- volume  |m A14806099119 
998 f f |a DK150 .M43 1982  |t 0  |l Remote Storage